Religion Quiz

Random Religion or Letter Quiz

Religion Rodeo (A-Z) Quiz Stats

 Plays Quiz Updated Apr 23, 2012

Challenge
Share
Tweet
Embed
Score 0/26 Timer 03:00
4 Plays Today
Hint Religious Term % Correct
The Christian Holy Book usually made up of many individual booksBible
98%
The day remembering the resurrection of Jesus (usually celebrated with a bunny)Easter Sunday
97.1%
The second largest world religion with over 1.5 billion believersIslam
96.2%
A word for God used in the context of IslamAllah
95.8%
The residence of God and the angels where there is complete bliss; EdenHeaven
95.2%
The first book of the Old TestamentGenesis
94.1%
One of the three members of the TrinityFather
93%
A holy place to Muslims, Jews, and Christians found in IsraelJerusalem
92.7%
Considered the greatest and final prophet of Islam (also known as founder)Muhammad
90.7%
One of the seven deadly sinsLust
89.5%
Bishops in the Roman Catholic church who advise the PopeCardinals
88%
Chief spirit of evil and adversary of God; the devilSatan
87.8%
The spiritual leader of Tibetan BuddhismDalai Lama
86.8%
Hint Religious Term % Correct
The mountain in Greece the Greek gods resided(Mount) Olympus
85.4%
The country in which the Pope livesVatican City
85.3%
The collection of good and evil a person gains in one's lifeKarma
84.2%
The central verbal text for Muslims(Holy) Qur'an
83.6%
A building or structure used for worship or religious ritesTemple
82.3%
The collection of books of the Gospels, Acts, Epistles, and RevelationNew Testament
82%
The belief that when a person dies, their soul is reborn into another living humanReincarnation
80.1%
The supreme god of ancient Greek mythology; son of Rhea and CronusZeus
76%
The act of expressing reverence to a deity or supernatural entityWorship
69.8%
In Chinese philosophy, a term used to describe how polar or seemingly contrary forces are interconnectedYin and Yang
68.5%
The Persian king in the book of EstherXerxes I
55.8%
The Roman god who owns the Underworld and all the riches below the EarthPluto
45.1%
Each of a series of Hindu philosophical and sacred treatisesUpanishads
14.4%

You're not logged in!

Compare scores with friends on all Sporcle quizzes.
Join for Free
OR
Log In

You Might Also Like...

Show Comments

Extras

Top Quizzes Today


Score Distribution

Your Account Isn't Verified!

In order to create a playlist on Sporcle, you need to verify the email address you used during registration. Go to your Sporcle Settings to finish the process.

Report this User

Report this user for behavior that violates our Community Guidelines.

Details: